000 00289nam a22001337a 4500
008 180921b xxu||||| |||| 00| 0 eng d
020 _a0865591342
041 _aeng
080 _a7
100 _a44
101 _aART
245 _aClaude Monet 1840-1926
_cStuckey,Ch.F
942 _2udc
_cBK
999 _c48204
_d48204